• 首页
  • 本馆介绍
  • 公告通知
  • 最新文献
  • 馆藏检索
  • 电子资源
  • 读者导购
  • 参考咨询
  • 我的图书馆
  • 登录
  • 详细信息显示
  • 放入我的书架
  • 预约/预借图书
  • 作者相关作品
  • 分类相关作品
  • 丛书相关作品
  • 出版社相关作品

书目信息

  • 表格格式
  • 工作单格式
  • 卡片格式
题名:
汽车故障诊断与维修技术
    
 
作者: 孙焕新 , 于天秀 主编
分册:  
出版信息: 西安   西安交通大学出版社  2018.06
页数: 286页
开本: 26cm
丛书名:
单 册:
中图分类: U472.9 , U472.4 , U472.4
科图分类:
主题词: 汽车--故障诊断--高等学校--教材 , 汽车--车辆修理--高等学校--教材
电子资源:
ISBN: 978-7-5605-8216-0
000 01016nam0 2200277 450
001 5714
005 20181020144911.99
010    @a978-7-5605-8216-0@dCNY68.00
100    @a20161213d2018 em y0chiy50 ea
101 0  @achi
102    @aCN@b610000
105    @aa z 000yy
200 1  @a汽车故障诊断与维修技术@9qi che gu zhang zhen duan yu wei xiu ji shu@f孙焕新,于天秀主编
210    @a西安@c西安交通大学出版社@d2018.06
215    @a286页@c图@d26cm
300    @a普通高等院校“十二五”规划精品教材
330    @a本书主要采用“项目引领式”的指导思想进行编写,结合现代汽车故障诊断与维修的特点和发展趋势,将汽车故障诊断、汽车维护和汽车修理技能融为一体,重点介绍了现代汽车各系统的故障诊断与检测技术。
606 0  @a汽车@x故障诊断@x高等学校@j教材
606 0  @a汽车@x车辆修理@x高等学校@j教材
690    @aU472.9@v5
690    @aU472.4@v5
690    @aU472.4@v4
701  0 @a孙焕新@9sun huan xin@4主编
701  0 @a于天秀@9yu tian xiu@4主编
801  0 @aCN@b91MARC@c20161213
905    @aMuseLib@dU472.4@e827
    
    汽车故障诊断与维修技术/孙焕新,于天秀主编.-西安:西安交通大学出版社,2018.06
    286页:图;26cm
    普通高等院校“十二五”规划精品教材
    
    ISBN 978-7-5605-8216-0:CNY68.00
    本书主要采用“项目引领式”的指导思想进行编写,结合现代汽车故障诊断与维修的特点和发展趋势,将汽车故障诊断、汽车维护和汽车修理技能融为一体,重点介绍了现代汽车各系统的故障诊断与检测技术。
●
相关链接 在E读中查询图书 在五车中查询图书 在当当中查询图书 在豆瓣中查询图书


正题名:汽车故障诊断与维修技术     索取号:U472.4/827         预约/预借

序号 登录号 条形码 馆藏地/架位号 状态 备注
1 1130939   211309396   第二样本阅览室/ [索取号:U472.4/827] 在馆    
2 1130940   211309403   第三借阅区/ [索取号:U472.4/827] 在馆    
3 1130941   211309412   第三借阅区/ [索取号:U472.4/827] 在馆    
4 1130942   211309421   第三借阅区/ [索取号:U472.4/827] 在馆    
5 1130943   211309430   密集书库-物理学院/ [索取号:U472.4/827] 在馆    
唐山师范学院图书馆 欢迎您!
大连网信软件有限公司© 版权所有